[Event "Level op-A 8th"]
[Site "Level"]
[Date "2022.09.09"]
[Round "2"]
[White "Zsirai, Balint"]
[Black "Steiner, Botond"]
[Result "1/2-1/2"]
[WhiteElo "1812"]
[BlackElo "1778"]
[PlyCount "90"]
[EventDate "2022.09.09"]
[EventType "swiss"]
[EventRounds "7"]
[EventCountry "HUN"]
[SourceTitle "EXT 2023"]
[Source "ChessBase"]
[SourceDate "2022.10.05"]
[SourceVersion "1"]
[SourceVersionDate "2022.10.05"]
[SourceQuality "1"]

1. e4 e6 2. d4 d5 3. Nc3 dxe4 4. Nxe4 Bd7 5. Nf3 Bc6 6. Bd3 Nd7 7. 0-0 Ngf6 8. Bg5 Be7 9. Nxf6+ Bxf6 10. Bxf6 Qxf6 11. Be2 0-0 12. b3 Rfd8 13. c3 b6 14. Qc2 Bb7 15. Rad1 Rac8 16. Rd2 c5 17. Rfd1 h6 18. c4 a6 19. h3 Kh8 20. dxc5 Nxc5 21. Rxd8+ Rxd8 22. Rxd8+ Qxd8 23. Qd2 Qxd2 24. Nxd2 a5 25. a3 Kg8 26. f3 Kf8 27. Kf2 Ke7 28. Ke3 e5 29. Bd1 f5 30. Bc2 Ke6 31. g3 g5 32. f4 gxf4+ 33. gxf4 e4 34. Nf1 Kd6 35. Ng3 Bc8 36. Nh5 Be6 37. Ng3 Bd7 38. Ne2 Be8 39. Nc3 Bc6 40. b4 axb4 41. axb4 Ne6 42. b5 Bb7 43. Na4 Kc7 44. Bd1 Bc8 45. Bh5 Nc5 1/2-1/2

[Event "HUN-chT4a 1819"]
[Site "Hungary"]
[Date "2019.02.09"]
[Round "8.3"]
[White "Molnar, Zoltan3333"]
[Black "Zsirai, Balint"]
[Result "0-1"]
[WhiteElo "1126"]
[BlackElo "1331"]
[PlyCount "54"]
[EventDate "2018.10.06"]
[EventType "team-tourn"]
[EventRounds "9"]
[EventCountry "HUN"]
[SourceTitle "EXT 2020"]
[Source "ChessBase"]
[SourceDate "2019.10.17"]
[SourceVersion "1"]
[SourceVersionDate "2019.10.17"]
[SourceQuality "1"]
[WhiteTeam "Janossomorja"]
[BlackTeam "Mosonmagyarovar Feher"]
[WhiteTeamCountry "HUN"]
[BlackTeamCountry "HUN"]

1. g3 e5 2. Bg2 d5 3. e3 Nc6 4. c3 Nf6 5. d3 Bd6 6. Nd2 0-0 7. a3 Re8 8. f3 d4 9. e4 dxc3 10. bxc3 Bc5 11. Bb2 Qxd3 12. h4 Rd8 13. Nb3 Bf2+ 14. Kxf2 Qxd1 15. Rxd1 Rxd1 16. Ne2 Rxh1 17. Bxh1 b6 18. g4 Be6 19. Nd2 Nd7 20. f4 Bxg4 21. fxe5 Ncxe5 22. c4 Nd3+ 23. Kg3 Bxe2 24. e5 Re8 25. Bc6 Nxb2 26. Bxd7 Rd8 27. Kf2 Bxc4 0-1

[Event "Gyor Amateur op 15th"]
[Site "Gyor"]
[Date "2019.01.06"]
[Round "5"]
[White "Zsirai, Balint"]
[Black "Csontos, Aron"]
[Result "1-0"]
[WhiteElo "1323"]
[BlackElo "1199"]
[PlyCount "105"]
[EventDate "2019.01.05"]
[EventType "swiss"]
[EventRounds "5"]
[EventCountry "HUN"]
[SourceTitle "CBM 190 Extra"]
[Source "ChessBase"]
[SourceDate "2019.07.15"]
[SourceVersion "1"]
[SourceVersionDate "2019.07.15"]
[SourceQuality "1"]

1. e4 e5 2. Nf3 Nc6 3. Bb5 a6 4. Ba4 d6 5. d4 b5 6. Bb3 Nxd4 7. Nxd4 exd4 8. Qxd4 c5 9. Qd5 Be6 10. Qc6+ Bd7 11. Bxf7+ Kxf7 12. Qd5+ Be6 13. Qh5+ g6 14. Qf3+ Qf6 15. Bf4 Rd8 16. Nc3 Bg7 17. Qg3 d5 18. Bg5 Qe5 19. Qxe5 Bxe5 20. Bxd8 dxe4 21. Nxe4 Bxb2 22. Rb1 Be5 23. Ng5+ Kg7 24. Nxe6+ Kh6 25. Nxc5 Nf6 26. Bxf6 Bxf6 27. 0-0 Rc8 28. Nxa6 Rxc2 29. Nb4 Rd2 30. Rfd1 Re2 31. Kf1 Re8 32. Nd5 Bd8 33. Rxb5 Re5 34. Nc3 Re8 35. a4 g5 36. a5 Bxa5 37. Rxa5 g4 38. Rd6+ Kg7 39. Ra7+ Kf8 40. Nd5 g3 41. hxg3 h5 42. f4 h4 43. f5 h3 44. gxh3 Re5 45. Ra8+ Kg7 46. Rg6+ Kf7 47. Ra7+ Kf8 48. Rf6+ Ke8 49. Nc7+ Ke7 50. Nd5+ Ke8 51. Nf4 Rc5 52. Ng6 Rd5 53. Rf8# 1-0

[Event "Gyor Amateur op 15th"]
[Site "Gyor"]
[Date "2019.01.05"]
[Round "3"]
[White "Zsirai, Balint"]
[Black "Kovarikova, Maria"]
[Result "0-1"]
[WhiteElo "1323"]
[BlackElo "1837"]
[PlyCount "56"]
[EventDate "2019.01.05"]
[EventType "swiss"]
[EventRounds "5"]
[EventCountry "HUN"]
[SourceTitle "CBM 190 Extra"]
[Source "ChessBase"]
[SourceDate "2019.07.15"]
[SourceVersion "1"]
[SourceVersionDate "2019.07.15"]
[SourceQuality "1"]

1. e4 c5 2. Nf3 Nc6 3. d4 cxd4 4. Nxd4 g6 5. Nc3 Bg7 6. Nxc6 bxc6 7. Bc4 Qc7 8. Qf3 Nf6 9. Bf4 e5 10. Bg5 Qd8 11. b4 0-0 12. b5 Bb7 13. Rd1 Qe7 14. 0-0 h6 15. Bxf6 Bxf6 16. bxc6 dxc6 17. Na4 Rad8 18. Qe3 Bc8 19. Nc5 Rd4 20. Rxd4 exd4 21. Qa3 Be5 22. Qa5 Bc7 23. Qxa7 Bxh2+ 24. Kxh2 Qxa7 25. Nd3 Ba6 26. Bxf7+ Rxf7 27. Ne5 Bxf1 28. Nxf7 Kxf7 0-1